សិក្សាពីបញ្ហាសត្វល្អិតបំផ្លាញដំណាំស្រូវប្រាំងឆ្នាំ ១៩៩៦ ក្នុង​លក្ខខ័ណ្ឌស្រុក កំពង់រោទ៍ ខេត្តស្វាយរៀង ( study on insect pest problems in rice dry season 1996 at kampongro district svayrieng province ) (Record no. 303)

000 -LEADER
fixed length control field 00769nam a22001577a 4500
003 - CONTROL NUMBER IDENTIFIER
control field OSt
005 - DATE AND TIME OF LATEST TRANSACTION
control field 20150912135232.0
008 - FIXED-LENGTH DATA ELEMENTS--GENERAL INFORMATION
fixed length control field 150912b xxu||||| |||| 00| 0 eng d
040 ## - CATALOGING SOURCE
Transcribing agency RUA
082 ## - DEWEY DECIMAL CLASSIFICATION NUMBER
Classification number AGR លាង 1996 B015 Or.1
100 ## - MAIN ENTRY--PERSONAL NAME
9 (RLIN) 323
Personal name លាង វុទ្ធា
245 ## - TITLE STATEMENT
Title សិក្សាពីបញ្ហាសត្វល្អិតបំផ្លាញដំណាំស្រូវប្រាំងឆ្នាំ ១៩៩៦ ក្នុង​លក្ខខ័ណ្ឌស្រុក កំពង់រោទ៍ ខេត្តស្វាយរៀង ( study on insect pest problems in rice dry season 1996 at kampongro district svayrieng province )
260 ## - PUBLICATION, DISTRIBUTION, ETC. (IMPRINT)
Place of publication, distribution, etc. Phnom Penh
Name of publisher, distributor, etc. RUA
Date of publication, distribution, etc. 1996
300 ## - PHYSICAL DESCRIPTION
Extent 91p.
Other physical details ill.
Dimensions 29cm.
942 ## - ADDED ENTRY ELEMENTS (KOHA)
Source of classification or shelving scheme
Koha item type AGR
Holdings
Price effective from Date last seen Permanent Location Not for loan Date acquired Date last checked out Source of classification or shelving scheme Total Checkouts Koha item type Barcode Lost status Damaged status Withdrawn status Current Location Full call number
2015-09-122015-09-12Library Block B 2015-09-12   AGRRUA003602   Library Block BAGR លាង 1996 B015 Or.1
2015-09-122017-02-06Library Block B 2015-09-122017-01-11 2AGRRUA001990   Library Block BAGR លាង 1996 B015 Or.2
2015-09-122016-07-30Library Block B 2015-09-122016-07-16 1AGRRUA001224   Library Block BAGR លាង 1996 B015 Or.3
2015-09-122015-09-12Library Block B 2015-09-12   AGRRUA001487   Library Block BAGR លាង 1996 B015 Or.4
មជ្ឈមណ្ឌលឯការនៃសាកលវិទ្យាល័យភូមិន្ទកសិកម្មចំការដូង

Powered by Koha